|
|
|
|
| LEADER |
03273nam a22004577i 4500 |
| 001 |
32333 |
| 003 |
BD-DhAAL |
| 005 |
20230322115307.0 |
| 008 |
171120t20142014ne a b 001 0 eng d |
| 010 |
|
|
|a 2014395395
|
| 020 |
|
|
|a 9780124077263 (pbk.)
|
| 020 |
|
|
|a 0124077269 (pbk.)
|
| 040 |
|
|
|a UKMGB
|b eng
|c UKMGB
|e rda
|d OCLCO
|d UV0
|d CDN
|d TXI
|d FUG
|d DLC
|d BD-DhAAL
|
| 082 |
0 |
4 |
|a 004.21
|2 23
|
| 100 |
1 |
|
|a Patterson, David A.,
|9 23788
|
| 245 |
1 |
0 |
|a Computer organization and design :
|b the hardware/software interface /
|c David A. Patterson ; John L. Hennessy
|
| 250 |
|
|
|a Fifth edition /
|b David A. Patterson, University of California, Berkeley, John L. Hennessy, Stanford University ; with contributions by Perry alexander, the University of Kansas ... [and fifteen others].
|
| 300 |
|
|
|a 575 pages, 194 variously numbered pages :
|b illustrations ;
|c 24 cm.
|
| 490 |
1 |
|
|a The Morgan Kaufmann series in computer architecture and design
|
| 500 |
|
|
|a Previous edition: 2012.
|
| 500 |
|
|
|a Rev. ed. of: Computer organization and design/John L. Hennessy, David A. Patterson. 1998.
|
| 504 |
|
|
|a Includes bibliographical references and index.
|
| 505 |
0 |
|
|a Computer abstractions and technology -- Instructions : language of the computer -- Arithmetic for computers -- The processor -- Large and fast : exploiting memory hierarchy -- Parallel processors from client to cloud.
|
| 520 |
|
|
|a "Presents the fundamentals of hardware technologies, assembly language, computer arithmetic, pipelining, memory hierarchies and I/O"--Provided by publisher.
|
| 526 |
|
|
|a CSE
|
| 541 |
|
|
|a STS International
|e 32333 & 32334
|
| 650 |
|
0 |
|a Computer organization.
|9 23789
|
| 650 |
|
0 |
|a System design
|x Data processing.
|9 23790
|
| 650 |
|
0 |
|a Computer architecture.
|9 23791
|
| 650 |
|
0 |
|a Computer science.
|9 42420
|
| 700 |
1 |
|
|a Hennessy, John L.,
|e author.
|9 23792
|
| 830 |
|
0 |
|a Morgan Kaufmann series in computer architecture and design.
|9 23793
|
| 852 |
|
|
|a Ayesha Abed Library
|c General Stacks
|
| 942 |
|
|
|2 ddc
|c BK
|
| 999 |
|
|
|c 38584
|d 38584
|
| 952 |
|
|
|0 0
|1 0
|2 ddc
|4 0
|6 004_210000000000000_PAT
|7 0
|9 61897
|a BRACUL
|b BRACUL
|c GEN
|d 2017-11-20
|e STS International
|g 1050.00
|l 8
|m 71
|o 004.21 PAT
|p 3010032333
|r 2024-11-28
|s 2024-11-27
|t 1
|v 1050.00
|w 2017-11-20
|y BK
|
| 952 |
|
|
|0 0
|1 0
|2 ddc
|4 0
|6 004_210000000000000_PAT
|7 0
|9 61898
|a BRACUL
|b BRACUL
|c GEN
|d 2017-11-20
|e STS International
|g 1050.00
|l 4
|m 30
|o 004.21 PAT
|p 3010032334
|r 2026-03-29
|s 2023-08-21
|t 2
|v 1050.00
|w 2017-11-20
|y BK
|
| 952 |
|
|
|0 0
|1 0
|2 ddc
|4 0
|6 004_210000000000000_PAT
|7 0
|9 62310
|a BRACUL
|b BRACUL
|c GEN
|d 2017-12-17
|e STS International
|g 1050.00
|l 20
|m 187
|o 004.21 PAT
|p 3010032528
|r 2024-10-06
|s 2024-07-07
|t 4
|v 1050.00
|w 2017-12-17
|y BK
|
| 952 |
|
|
|0 0
|1 0
|2 ddc
|4 0
|6 004_210000000000000_PAT
|7 0
|9 62311
|a BRACUL
|b BRACUL
|c GEN
|d 2017-12-17
|e STS International
|g 1050.00
|l 14
|m 141
|o 004.21 PAT
|p 3010032527
|r 2024-01-17
|s 2023-09-26
|t 3
|v 1050.00
|w 2017-12-17
|y BK
|
| 952 |
|
|
|0 0
|1 0
|2 ddc
|4 0
|6 004_210000000000000_PAT
|7 0
|9 62312
|a BRACUL
|b BRACUL
|c GEN
|d 2017-12-17
|e STS International
|g 1050.00
|l 14
|m 127
|o 004.21 PAT
|p 3010032530
|r 2024-11-02
|s 2024-01-23
|t 6
|v 1050.00
|w 2017-12-17
|y BK
|
| 952 |
|
|
|0 0
|1 0
|2 ddc
|4 0
|6 004_210000000000000_PAT
|7 0
|9 62313
|a BRACUL
|b BRACUL
|c GEN
|d 2017-12-17
|e STS International
|g 1050.00
|l 19
|m 147
|o 004.21 PAT
|p 3010032529
|r 2025-09-20
|s 2025-06-17
|t 5
|v 1050.00
|w 2017-12-17
|y BK
|